Física universitaria con física moderna, Vol. 2 (Registro nro. 7464)
[ vista simple ]
| 000 -Cabecera | |
|---|---|
| Campo de control de longitud fija | 01051nam a22004097a 4500 |
| 005 - Fecha y hora de la última transacción | |
| Campo de control | 20251128170520.0 |
| 008 - Elementos de longitud fija--Información general | |
| Campo de control de longitud fija | 160121b2013 xxu||||| |||| 00| 0 spa d |
| 020 ## - International Standard Book Number | |
| Número Internacional Estándar del Libro (ISBN) | 9786073221900 |
| 041 ## - Idioma | |
| Código de idioma | Español |
| 082 ## - Clasificación Decimal Dewey | |
| Número de clasificación | 530 Y68f13 |
| 100 ## - Entrada principal--Autor personal | |
| Nombre personal | Young, Hung, D |
| 9 (RLIN) | 1951 |
| 100 ## - Entrada principal--Autor personal | |
| Nombre personal | Freedman, Roger A |
| 9 (RLIN) | 1952 |
| 245 ## - Título propiamente dicho | |
| Título | Física universitaria con física moderna, Vol. 2 |
| 250 ## - Edición | |
| Mención de edición | 13 edición |
| 260 ## - Pie de imprenta | |
| Lugar de publicación, distribución, etc. | México |
| 260 ## - Pie de imprenta | |
| Nombre del editor, distribuidor, etc. | Pearson Educación |
| 260 ## - Pie de imprenta | |
| Fecha de publicación, distribución, etc. | 2013 |
| 300 ## - Descripción física | |
| Extensión | 896 páginas |
| 490 ## - Serie | |
| Título de la Serie | Gestión de Calidad |
| 490 ## - Serie | |
| Título de la Serie | Electrónica |
| 650 ## - Materia general | |
| Temática (materia general) | FISICA |
| 650 ## - Materia general | |
| Temática (materia general) | CAMPO ELÉCTRICO |
| 650 ## - Materia general | |
| Temática (materia general) | CORRIENTE ELECTRICA |
| 650 ## - Materia general | |
| Temática (materia general) | CAMPO MAGNETICO |
| 650 ## - Materia general | |
| Temática (materia general) | ELETROMAGNÉTICA |
| 650 ## - Materia general | |
| Temática (materia general) | CORRIENTE ALTERNA |
| 650 ## - Materia general | |
| Temática (materia general) | ONDAS ELECTROMAGNÉTICAS |
| 650 ## - Materia general | |
| Temática (materia general) | ÓPTICA GEOMÉTRICA |
| 650 ## - Materia general | |
| Temática (materia general) | RELATIVIDAD |
| 650 ## - Materia general | |
| Temática (materia general) | MECÁNICA CUÁNTICA |
| 650 ## - Materia general | |
| Temática (materia general) | FÍSICA NUCLEAR |
| 650 ## - Materia general | |
| Temática (materia general) | FÍSICA DE PARTICULAS |
| 650 ## - Materia general | |
| Temática (materia general) | COSMOLOGÍA |
| 942 ## - Punto de acceso adicional KOHA | |
| Tipo de ítem KOHA | Libro |
| Fuente del sistema de clasificación o colocación | Dewey Decimal Classification |
| Signatura completa | Código de barras | Programa Académico | Tipo de ítem |
|---|---|---|---|
| 530 Y68f13 | 19864 | Libro | |
| 530 Y68f13 | 20688 | Libro | |
| 530 Y68f13 | 20689 | Libro |